[Event "Pan American-ch School U11 Girls 12th"]
[Site "Callao"]
[Date "2023.10.21"]
[Round "9"]
[White "Santisteban Amado, Laura Fabiola"]
[Black "Leandro Huerta, Jasmin Anahi"]
[Result "1-0"]
[WhiteElo "1057"]
[BlackElo "1018"]
[PlyCount "52"]
[EventDate "2023.10.16"]
[EventType "swiss"]
[EventRounds "9"]
[EventCountry "PER"]
[SourceTitle "CB48_2023"]
[SourceDate "2023.11.29"]
[SourceVersion "1"]
[SourceVersionDate "2023.11.29"]
[SourceQuality "1"]

1. e4 c6 2. Nf3 d5 3. Nc3 e6 4. d4 c5 5. dxc5 Bxc5 6. exd5 exd5 7. Qxd5 Qxd5 8. Nxd5 Bd6 9. Be3 Be6 10. Nf4 Bd7 11. 0-0-0 Bc7 12. Bd3 Nf6 13. h3 Nc6 14. Rhe1 0-0 15. Kb1 Ba5 16. c3 Rab8 17. g4 h6 18. Rg1 b5 19. g5 hxg5 20. Rxg5 b4 21. cxb4 Bxb4 22. Rdg1 g6 23. h4 Bc3 24. b3 a5 25. Bc4 Bf5+ 26. Rxf5 a4 1-0

[Event "Pan American-ch School U11 Girls 12th"]
[Site "Callao"]
[Date "2023.10.20"]
[Round "8"]
[White "Lajo Timoteo, Diana Carolina"]
[Black "Leandro Huerta, Jasmin Anahi"]
[Result "1-0"]
[WhiteElo "1065"]
[BlackElo "1018"]
[PlyCount "69"]
[EventDate "2023.10.16"]
[EventType "swiss"]
[EventRounds "9"]
[EventCountry "PER"]
[SourceTitle "CB48_2023"]
[SourceDate "2023.11.29"]
[SourceVersion "1"]
[SourceVersionDate "2023.11.29"]
[SourceQuality "1"]

1. d4 Nf6 2. Nf3 g6 3. g3 d5 4. Bg2 Bg7 5. 0-0 0-0 6. Bf4 Nc6 7. Ne5 Nxe5 8. Bxe5 Bf5 9. Nd2 Rc8 10. c4 c5 11. cxd5 cxd4 12. e4 Bd7 13. Bxd4 Bb5 14. Re1 e6 15. Qb3 a6 16. a4 Bd7 17. Qxb7 exd5 18. Qxa6 dxe4 19. Nxe4 Nxe4 20. Bxg7 Nc5 21. Qf6 Qxf6 22. Bxf6 Nxa4 23. Rac1 Rb8 24. Rc2 Bf5 25. Rd2 Rb6 26. Bd8 Rxb2 27. Rxb2 Nxb2 28. Bf6 Nd3 29. Re3 h5 30. f4 Rc8 31. h3 Rc1+ 32. Kh2 Kf8 33. g4 Nxf4 34. gxh5 Rc2 35. Rg3 1-0